Arsenal FC Players 2025/26 - Statistics

General Stats
  • This quiz has been taken 29 times
  • The average score is 20 of 35
Answer Stats
Hint Answer % Correct
7 Bukayo Saka
96%
11 Gabriel Martinelli
92%
4 Ben White
88%
1 David Raya
88%
41 Declan Rice
88%
6 Gabriel
88%
2 William Saliba
88%
19 Leandro Trossard
81%
8 Martin Odegaard
81%
MAN Mikel Arteta
81%
14 Viktor Gyokeres
81%
9 Gabriel Jesus
77%
49 Myles Lewis-Skelly
77%
5 Piero Hincapie
77%
16 Christian Norgaard
73%
10 Eberechi Eze
73%
29 Kai Havertz
73%
12 Jurrien Timber
69%
33 Riccardo Calafiori
69%
3 Christhian Mosquera
65%
22 Ethan Nwaneri
65%
36 Martin Zubimendi
65%
56 Max Dowman
62%
20 Noni Madueke
62%
23 Mikel Merino
58%
89 Marli Salmon
27%
13 Kepa Arizabalaga
19%
35 Tommy setford
19%
A. MAN Albert Stuivenberg
15%
S.P COACH Nicolas Jover
12%
71 Andre Harriman-Annous
8%
51 Josh Nichols
8%
53 Charles Sagoe
4%
38 Louie Copley
4%
G COACH Inaki Cana
0%
No matching quizzes found
Score Distribution
Percent of People with Each Score
Percentile by Number Answered
Your Score History
You have not taken this quiz